| 000 | 00363nam a22001577a 4500 | ||
|---|---|---|---|
| 999 |
_c8966 _d8966 |
||
| 003 | OSt | ||
| 008 | 200714b ||||| |||| 00| 0 eng d | ||
| 082 | _a574DIR | ||
| 100 | _aDixit , Praveen Kumar & Other | ||
| 245 | _aRemedial Biology | ||
| 250 | _a2019 | ||
| 260 |
_aNew Delhi _bR.Narain |
||
| 300 | _aPg-272 | ||
| 650 | _aBiology and EVS | ||
| 942 |
_2ddc _cBK _02 |
||